Avaliação da dexmedetomidina e do tramadol, associados ao midazolam, em gatas anestesiadas com isoflurano e submetidas à ovário-histerectomia (Registro n. 300810)
[ somente texto ]
| 000 -LÍDER | |
|---|---|
| fixed length control field | 04279nab a2200337 i 4500 |
| 003 - CÓDIGO MARC DA AGÊNCIA CATALOGADORA | |
| Campo de controle | BR-BrBNA |
| 005 - DATA E HORA DA ÚLTIMA ATUALIZAÇÃO | |
| Campo de controle | 20240809134638.0 |
| 008 - CAMPO DE TAMANHO FIXO | |
| fixed length control field | 240809b2017 bl.|r|pooa||| 00| 0 por | |
| 040 ## - FONTE DA CATALOGAÇÃO | |
| Agência catalogadora | BR-BrBNA |
| Idioma da catalogação | por |
| 072 ## - CATEGORIA AGRIS | |
| Código AGRIS | L70 |
| Código do objeto | 5500 |
| 100 ## - ENTRADA PRINCIPAL - NOME PESSOAL | |
| Nome pessoal | Lemos, V.C.C. |
| 100 ## - ENTRADA PRINCIPAL - NOME PESSOAL | |
| Nome pessoal | Sande, J.Q. |
| 100 ## - ENTRADA PRINCIPAL - NOME PESSOAL | |
| Nome pessoal | Barbosa, V.F. |
| 100 ## - ENTRADA PRINCIPAL - NOME PESSOAL | |
| Nome pessoal | Costa Neto, J.M. |
| 100 ## - ENTRADA PRINCIPAL - NOME PESSOAL | |
| Nome pessoal | Martins Filho, E.F. |
| 100 ## - ENTRADA PRINCIPAL - NOME PESSOAL | |
| Nome pessoal | Iwassa, C.H.D. |
| 245 ## - TÍTULO PRINCIPAL | |
| Título principal | Avaliação da dexmedetomidina e do tramadol, associados ao midazolam, em gatas anestesiadas com isoflurano e submetidas à ovário-histerectomia |
| 500 ## - NOTA GERAL | |
| Nota geral | Publicação online; 19 ref.; 3 tables; Summaries (En, Pt) |
| 942 ## - ADDED ENTRY ELEMENTS (KOHA) | |
| Koha item type | |
| 520 ## - NOTA DE RESUMO | |
| Nota de conteúdo | <br/><br/>RESUMO - Objetivou-se comparar as alterações cardiorrespiratórias e a analgesia pós-operatória promovidas pela dexmedetomidina e pelo tramadol, quando associados ao midazolam, em felinas. Para tal, foram selecionadas 18 gatas hígidas, divididas em dois grupos randomizados: GDM, tratadas com dexmedetomidina (10µg/kg) e GTM, tratadas com tramadol (2mg/kg), ambos associados a midazolam (0,2mg/kg,) IM. Após 15 minutos, procedeu-se à indução anestésica com propofol (1,46±0,79mL), mantendo-se a anestesia com isoflurano. As felinas foram submetidas à ovário-histerectomia, registrandose as variáveis cardiorrespiratórias 15 minutos após a MPA (M0), 15 minutos após a indução (M15) e sequencialmente a cada cinco minutos, até o término do procedimento cirúrgico (M20, M25, M30, M35 e M40). A avaliação da dor iniciou-se 30 minutos após o término do procedimento cirúrgico (MP30) e sequencialmente em intervalos de 30 minutos (MP60, MP90, MP120). A partir do MP120, as avaliações foram registradas a cada hora (MP180, MP240 e MP360). A associação dexmedetomidina-midazolam infere diminuição inicial de frequência cardíaca (FC) sem significado clínico e está relacionada à sedação mais pronunciada, à analgesia menor e menos duradoura e a episódios de êmese, quando comparada à associação tramadol-midazolam. Ambos os protocolos denotaram estabilidade cardiorrespiratória e podem ser considerados seguros em felinas submetidas à ovário-histectomia.<br/><br/><br/>Palavras-chave: felina, alfa-2 agonistas, analgesia, cardiorrespiratório, opioide |
| 520 ## - NOTA DE RESUMO | |
| Nota de conteúdo | <br/><br/>ABSTRACT - The aim of this study was to compare cardiorespiratory changes and post-operative analgesia provided by dexmedetomidine or tramadol, associated with midazolam, in female cats. For that purpose, 18 healthy cats were assigned to two randomized groups: GDM, which received dexmedetomidine (10 µg/kg) and GTM, which received tramadol (2 mg/kg), both associated with midazolam (0.2 mg/kg) IM. After 15 minutes, anesthesia was induced with propofol (1.46±0.79 mL) and maintained with isofluorane. Ovariohysterectomy was performed and cardiorespiratory variables were registered 15 minutes after pre-anesthetic medication (M0), 15 minutes after anesthetic induction (M15), and every five minutes until the end of the surgical procedure (M20, M25, M30, M35 e M40). Pain evaluation started 30 minutes after the surgery (MP30) and sequentially at thirty-minute intervals (MP60, MP90, MP120). After MP120, each evaluation was registered at every hour (MP180, MP240 e MP360). Dexmedetomidine-midazolam association results in decreases on initial heart rate (HR) without clinical relevance and it is related to pronounced sedation, poor and less durable antinociception and vomiting events, when compared to tramadol-midazolam association. Both protocols indicate cardiorespiratoy stability and safety in cats undergoing ovariohysterectomy.<br/><br/><br/>Keywords: feline, alpha 2-adrenergic agonists, analgesia, cardiorespiratory, opioid |
| 650 ## - ASSUNTO - THESAGRO | |
| Cabeçalho tópico ou nome geográfico | GATO |
| 650 ## - ASSUNTO - THESAGRO | |
| Cabeçalho tópico ou nome geográfico | OVÁRIO |
| 650 ## - ASSUNTO - THESAGRO | |
| Cabeçalho tópico ou nome geográfico | CIRURGIA |
| 650 ## - ASSUNTO - THESAGRO | |
| Cabeçalho tópico ou nome geográfico | ANESTESIA |
| 650 ## - ASSUNTO - THESAGRO | |
| Cabeçalho tópico ou nome geográfico | MEDICAMENTO |
| 650 ## - ASSUNTO - THESAGRO | |
| Cabeçalho tópico ou nome geográfico | VETERINÁRIA PREVENTIVA |
| 773 0# - ENTRADA ANALÍTICA | |
| Host Biblionumber | 1643 |
| Registro do item | 316504 |
| Imprenta | Belo Horizonte-MG Universidade Federal de Minas Gerais - Escola de Veterinaria 1983 |
| Outro identificador | 2024-2999 |
| Título | Arquivo Brasileiro de Medicina Veterinária e Zootecnia (Brazil) |
| ISSN | 0102-0935 |
| Colação | v. 69(6) p. 1521-1528; (2017) |
| Número de controle de registro | BR2024002245 |
| 856 ## - ACESSO E ENDEREÇO ELETRÔNICO | |
| Identificador uniforme de recurso - URI | https://www.scielo.br/j/abmvz/a/JkYr8yYgbxtyf7fTrLSvxPr/?format=pdf&lang=pt |
Nenhum exemplar disponível.

BINAGRI